Roblox Nullscape: Upgrades - Statistics

General Stats
  • This quiz has been taken 12 times
  • The average score is 21 of 38
Answer Stats
Max Stack: Name of Upgrade: % Correct
1 Double Jump
100%
1 Grace Wings
88%
5 Paycheck
88%
1 Pocket Bell
88%
3 Swiftness Ring
88%
1 Adrenaline
75%
1 Matrix Tetrahedron
75%
1 More Altars
75%
1 Radar
75%
1 Shield
75%
1 Advanced Gravity Coil
63%
2 Business License
63%
3 Defuse Kit
63%
1 Fanny Pack
63%
1 Ice Skates
63%
1 Last Man Standing
63%
1 Medal
63%
1 Ninja Belt
63%
1 Sport Shoes
63%
1 Better Jump Pads
50%
3 Gift Magnet
50%
1 Grapple Points
50%
1 Orb
50%
1 Radar Module: Altars
50%
1 Radar Module: Enemies
50%
1 Radar Module: Players
50%
1 Tria Orbs
50%
1 Helmet
38%
1 Radar Module: Tripmines
38%
1 Shark Tail
38%
2 Subspacial Barrier
38%
1 Blossom
25%
5 Gift Idol
25%
1 Larger Grapple Points
25%
1 Miniature Hourglass
25%
1 Radar Module: Instruments
25%
1 Drowned Ægis
13%
1 Panic Necklace
13%
No matching quizzes found
Score Distribution
Percent of People with Each Score
Percentile by Number Answered
Your Score History
You have not taken this quiz